| 000 | 00550cam a22002174a 4500 | ||
|---|---|---|---|
| 005 | 20250605164325.0 | ||
| 008 | 250528s ||||||||||||||||||||||||d | ||
| 035 | _a23022 | ||
| 020 | _a9781557985576 | ||
| 040 |
_aGR-AtMCL _bgre _dGR-AtMCL _eAACR2 |
||
| 245 | 1 | _aTHE HEART AND SOUL OF CHANGE | |
| 250 | _a1 | ||
| 260 |
_bAmerican Psychological Association, _c1999 |
||
| 300 | _a462 | ||
| 700 | 1 |
_aDuncan Barry L _9139 |
|
| 700 | 1 |
_aHubble Mark A _9140 |
|
| 700 | 1 |
_aMiller Scott A _9141 |
|
| 942 | _cBK | ||
| 999 |
_c8063 _d8063 |
||